Khảo sát nhu cầu bồi dưỡng của giáo viên Địa lí các trường THPT trên địa bàn Đà Nẵng – Quảng Nam và đề xuất chương trình bồi dưỡng giáo viên
Đã lưu trong:
| 主要作者: | |
|---|---|
| 格式: | 图书 |
| 出版: |
2014
|
| 标签: |
添加标签
没有标签, 成为第一个标记此记录!
|
| Thư viện lưu trữ: | Mạng thư viện Đại học Đà Nẵng |
|---|
| LEADER | 00852nam a2200229 4500 | ||
|---|---|---|---|
| 001 | 000023272 | ||
| 003 | 19722 | ||
| 005 | 20150814140827.0 | ||
| 008 | 150814s2014 sd | ||
| 100 | 1 | |a Đậu Thị Hòa |e Chủ nhiệm đề tài | |
| 245 | 1 | 0 | |a Khảo sát nhu cầu bồi dưỡng của giáo viên Địa lí các trường THPT trên địa bàn Đà Nẵng – Quảng Nam và đề xuất chương trình bồi dưỡng giáo viên |c Đậu Thị Hòa |
| 260 | |c 2014 | ||
| 500 | |a Đề tài NCKH cấp Trường Đại học Sư Phạm Đà Nẵng . Mã số : T2013-03-35 | ||
| OWN | |a LSP | ||
| 999 | |a From the UDN01 | ||
| TYP | |a Mixed Materials | ||
| TYP | |a Monograph | ||
| TYP | |a Printed language | ||
| 980 | |a Mạng thư viện Đại học Đà Nẵng | ||